5HLuxD.jpg

KING HENRY VIII SENIOR AND PRIMARY SCHOOL LIBRARY OPAC

A crack in the edge of the world : (Record no. 422)

000 -LEADER
fixed length control field 00997cam a2200277 a 4500
001 - CONTROL NUMBER
control field .b23105902
003 - CONTROL NUMBER IDENTIFIER
control field OSt
005 - DATE AND TIME OF LATEST TRANSACTION
control field 20190814112627.0
008 - FIXED-LENGTH DATA ELEMENTS--GENERAL INFORMATION
fixed length control field 070103r20062005nyuab b 001 0 eng d
020 ## - INTERNATIONAL STANDARD BOOK NUMBER
International Standard Book Number 0060572000 (pbk.)
020 ## - INTERNATIONAL STANDARD BOOK NUMBER
International Standard Book Number 9780060572006 (pbk.)
040 ## - CATALOGING SOURCE
Original cataloging agency NTU
Transcribing agency NTU
043 ## - GEOGRAPHIC AREA CODE
Geographic area code n-us-ca
082 ## - DEWEY DECIMAL CLASSIFICATION NUMBER
Classification number 979.4 WIN
100 1# - MAIN ENTRY--PERSONAL NAME
Personal name Winchester, Simon.
Relator term author
245 12 - TITLE STATEMENT
Title A crack in the edge of the world :
Remainder of title America and the great California earthquake of 1906 /
Statement of responsibility, etc. Simon Winchester.
250 ## - EDITION STATEMENT
Edition statement 1st Harper Perennial ed.
260 ## - PUBLICATION, DISTRIBUTION, ETC.
Place of publication, distribution, etc. New York :
Name of publisher, distributor, etc. Harper Perennial,
Date of publication, distribution, etc. 2006.
300 ## - PHYSICAL DESCRIPTION
Extent xvi, 462, 18 p. :
Other physical details ill., maps ;
Dimensions 21 cm.
500 ## - GENERAL NOTE
General note Originally published in hardcover by HarperCollins, 2005.
504 ## - BIBLIOGRAPHY, ETC. NOTE
Bibliography, etc. note Includes bibliographical references and index.
650 #0 - SUBJECT ADDED ENTRY--TOPICAL TERM
Topical term or geographic name entry element Earthquakes
Geographic subdivision California
-- San Francisco
General subdivision History
Chronological subdivision 20th century.
650 #0 - SUBJECT ADDED ENTRY--TOPICAL TERM
Topical term or geographic name entry element San Francisco Earthquake, Calif., 1906.
651 #0 - SUBJECT ADDED ENTRY--GEOGRAPHIC NAME
Geographic name San Francisco (Calif.)
General subdivision History
Chronological subdivision 20th century.
942 ## - ADDED ENTRY ELEMENTS (KOHA)
Source of classification or shelving scheme
Koha item type Books - Non Ficton
Holdings
Withdrawn status Lost status Source of classification or shelving scheme Damaged status Not for loan Collection code Permanent Location Current Location Shelving location Date acquired Full call number Barcode Date last seen Price effective from Koha item type
          Non-Fiction KH8 Senior School Library KH8 Senior School Library Non Fiction 2019-08-14 979.4 WIN 3KHSL000101021 2019-08-14 2019-08-14 Books - Non Ficton

Powered By KH8 IT Dept